000 00508nam a2200217Ia 4500
003 OSt
005 20220924153317.0
006 a|||||r|||| 00| 0
007 ta
008 220923b |||||||| |||| 00| 0 ara d
024 _a347833
037 _cTextual
040 _aARTS
_cARTS
_bara
041 _2ara
_aara
082 _aO28,3x, E1
245 0 _aQasas-e-aalmia
260 _c1911
650 _aARABIC FICTION
_964594
942 _hO28,3x, E1
_cTEXL
_2CC
999 _c473119
_d473119